<?xml version="1.0" encoding="UTF-8"?>
<collection xmlns="http://www.loc.gov/MARC21/slim">
 <record>
  <leader>00890nam a2200181 a 4500</leader>
  <controlfield tag="001">1/26377</controlfield>
  <controlfield tag="008">050520s2000    gr            00010 gre d</controlfield>
  <datafield tag="020" ind1=" " ind2=" ">
   <subfield code="a">960160023X</subfield>
  </datafield>
  <datafield tag="035" ind1=" " ind2=" ">
   <subfield code="l">28213</subfield>
  </datafield>
  <datafield tag="082" ind1="0" ind2="0">
   <subfield code="a">949.7103 ΠΕΣ</subfield>
  </datafield>
  <datafield tag="100" ind1="1" ind2=" ">
   <subfield code="a">Πεσμαζόγλου , Στέφανος,</subfield>
   <subfield code="d">1949-</subfield>
  </datafield>
  <datafield tag="245" ind1="1" ind2="0">
   <subfield code="a">Kόσοβο :</subfield>
   <subfield code="b">Η διττή Ύβρις : επιτήρηση και τιμωρία /</subfield>
   <subfield code="c">Στέφανος Πεσμαζόγλου</subfield>
  </datafield>
  <datafield tag="260" ind1="0" ind2=" ">
   <subfield code="a">Αθήνα :</subfield>
   <subfield code="b">Πατάκη,</subfield>
   <subfield code="c">2000</subfield>
  </datafield>
  <datafield tag="300" ind1=" " ind2=" ">
   <subfield code="a">370 σ.:</subfield>
   <subfield code="c">17 εκ.</subfield>
  </datafield>
  <datafield tag="651" ind1=" " ind2="0">
   <subfield code="x">Γιουγκοσλαβία</subfield>
   <subfield code="x">Ιστορία</subfield>
   <subfield code="y">1989-</subfield>
  </datafield>
  <datafield tag="651" ind1=" " ind2="0">
   <subfield code="a">Κοσσυφοπέδιο</subfield>
   <subfield code="x">Πολιτική και διακυβέρνηση.</subfield>
  </datafield>
  <datafield tag="651" ind1=" " ind2="4">
   <subfield code="a">Κοσσυφοπέδιο (Σερβία)</subfield>
   <subfield code="x">Ιστορία</subfield>
   <subfield code="x">Εμφύλιος Πόλεμος</subfield>
   <subfield code="y">1998-</subfield>
  </datafield>
  <datafield tag="852" ind1=" " ind2=" ">
   <subfield code="a">INST</subfield>
   <subfield code="b">UNIPILB</subfield>
   <subfield code="c">MAIN</subfield>
   <subfield code="e">20050520</subfield>
   <subfield code="h">949.7103 ΠΕΣ</subfield>
   <subfield code="p">00147917</subfield>
   <subfield code="q">00147917</subfield>
   <subfield code="t">LOAN</subfield>
   <subfield code="y">4</subfield>
   <subfield code="x">20230420</subfield>
   <subfield code="4">1</subfield>
  </datafield>
 </record>
</collection>
